Bài giảng môn học nguyên lý quy hoạch

Giới thiệu những điều cơ bản của nguyên lý quy hoạch, phương pháp phân tích SWOT, kỹ thuật dự báo, thu thập và sử dụng dữ liệu trong quy hoạch không gian, phân tích chi phí - lợi nhuận.

সংরক্ষণ করুন:
গ্রন্থ-পঞ্জীর বিবরন
প্রধান লেখক: Đặng, Trâm Anh
বিন্যাস: গ্রন্থ
ভাষা:Undetermined
প্রকাশিত: Cần Thơ Trường Đại học Cần Thơ 1999
বিষয়গুলি:
ট্যাগগুলো: ট্যাগ যুক্ত করুন
কোনো ট্যাগ নেই, প্রথমজন হিসাবে ট্যাগ করুন!
Thư viện lưu trữ: Trung tâm Học liệu Trường Đại học Cần Thơ
LEADER 00863nam a2200193Ia 4500
001 CTU_230665
008 210402s9999 xx 000 0 und d
082 |a 711 
082 |b A107 
100 |a Đặng, Trâm Anh 
245 0 |a Bài giảng môn học nguyên lý quy hoạch 
245 0 |c Đặng Trâm Anh (Biên soạn) 
260 |a Cần Thơ 
260 |b Trường Đại học Cần Thơ 
260 |c 1999 
520 |a Giới thiệu những điều cơ bản của nguyên lý quy hoạch, phương pháp phân tích SWOT, kỹ thuật dự báo, thu thập và sử dụng dữ liệu trong quy hoạch không gian, phân tích chi phí - lợi nhuận. 
650 |a Quy hoạch đô thị,Regional planning 
910 |b nthai 
980 |a Trung tâm Học liệu Trường Đại học Cần Thơ